• 首页
  • 本馆介绍
  • 公告通知
  • 最新文献
  • 馆藏检索
  • 电子资源
  • 读者导购
  • 参考咨询
  • 我的图书馆
  • 登录
  • 详细信息显示
  • 放入我的书架
  • 预约/预借图书
  • 作者相关作品
  • 分类相关作品
  • 丛书相关作品
  • 出版社相关作品

书目信息

  • 表格格式
  • 工作单格式
  • 卡片格式
题名:
健康为本的幼儿园融合教育活动案例
    
 
作者: 孙玉梅 , 陆晓燕 主编
分册:  
出版信息: 北京   中国农业出版社  2018
页数: 216页
开本: 24cm
丛书名:
单 册:
中图分类: G613.3
科图分类:
主题词: 健康教育--Jian Kang Jiao Yu--教案(教育)--学前教育
电子资源:
ISBN: 978-7-109-24722-2
000 01629nam0 2200277 450
001 1957628312
005 20191221152635.44
010    @a978-7-109-24722-2@dCNY 48.00
099    @aCAL 012019039773
100    @a20190125d2018 em y0chiy50 ea
101 0  @achi
102    @aCN@b110000
105    @aa z 000yy
200 1  @a健康为本的幼儿园融合教育活动案例@Ajian kang wei ben de you er yuan rong he jiao yu huo dong an li@f孙玉梅,陆晓燕主编
210    @a北京@c中国农业出版社@d2018
215    @a216页@c图,照片@d24cm
300    @a北京市教育学会“十三五”教育科研立项课题“《指南》背景下健康教育融入领域课题的实践研究”成果
314    @a孙玉梅,女,北京市房山区房山幼儿园园长,33年的从教经历使其具有扎买的专业基础和丰富的管理经验。曾获北京市第三届教学成果奖一等奖,北京市教育学会“十二五”教育研究成果一等奖。近年来多扁论文获得“京研杯”“智慧杯”一等奖。
314    @a陆晓燕,女,北京市房山区房山幼儿园副园长。从教20年,历任一线教师、教研组长、保教主任、业务园长。曾参与学前领域专业书籍的编写工作,在《幼儿园优秀健康活动设计80列》一书中担任编委,并在此书中发表多篇教案。
330    @a本书将健康教育融人其他各领域的教育活动中,确定了具有新内涵的健康教育特色,即融于生活、融于游戏、融于教学的健康教育课程。本书尝试在学习内容的整体性、学习方式的融合性和学习途径的多样性上真正实现健康教育和领域课程的内在整合,力求探索出一套科学、有效的整合性领域课程活动方案和实施策略,最终促进幼儿的全面发展。
606 0  @a健康教育@AJian Kang Jiao Yu@x教案(教育)@x学前教育
690    @aG613.3@v5
701  0 @a孙玉梅@Asun yu mei@4主编
701  0 @a陆晓燕@Alu xiao yan@4主编
801  0 @aCN@bSDRW@c20190402
905    @aBZT@dG613.3@e3
    
    健康为本的幼儿园融合教育活动案例/孙玉梅,陆晓燕主编.-北京:中国农业出版社,2018
    216页:图,照片;24cm
    北京市教育学会“十三五”教育科研立项课题“《指南》背景下健康教育融入领域课题的实践研究”成果
    
    ISBN 978-7-109-24722-2:CNY 48.00
    本书将健康教育融人其他各领域的教育活动中,确定了具有新内涵的健康教育特色,即融于生活、融于游戏、融于教学的健康教育课程。本书尝试在学习内容的整体性、学习方式的融合性和学习途径的多样性上真正实现健康教育和领域课程的内在整合,力求探索出一套科学、有效的整合性领域课程活动方案和实施策略,最终促进幼儿的全面发展。
●
相关链接 在五车中查询图书 在当当中查询图书 在豆瓣中查询图书


正题名:健康为本的幼儿园融合教育活动案例     索取号:G613.3/3         预约/预借

序号 登录号 条形码 馆藏地/架位号 状态 备注
1 865129   2000865129   第二书库/ [索取号:G613.3/3] 在馆    
2 865130   2000865130   第二书库/ [索取号:G613.3/3] 在馆    
3 865131   2000865131   第二书库/ [索取号:G613.3/3] 在馆    
4 869635   2000869635   第二书库/ [索取号:G613.3/3] 在馆    
5 869636   2000869636   第二书库/ [索取号:G613.3/3] 在馆    
6 869637   2000869637   第二书库/ [索取号:G613.3/3] 在馆    
山东省滨州职业学院图书馆 欢迎您!
大连网信软件有限公司© 版权所有